What's the name in Polish? - Statistics

General Stats
  • This quiz has been taken 94 times
  • The average score is 14 of 20
Answer Stats
Name in English Name in Polish % Correct
Monica Monika
89%
Olivia Oliwia
89%
Peter Piotr
89%
Andrew Andrzej
88%
Elizabeth Elżbieta
88%
Emily Emilia
85%
Sophia Zofia
80%
Susan Zuzanna
80%
Angelica Andżelika
79%
Edward Edward
76%
Mark Marek
76%
Steven/Stephen Szczepan
74%
Nicholas Mikołaj
72%
Charles Karol
67%
Margaret Małgorzata
64%
Jane Joanna
61%
George Jerzy
45%
James Jakub
31%
William Wilhelm
25%
Nancy Agnieszka
9%
No matching quizzes found
Score Distribution
Percent of People with Each Score
Percentile by Number Answered
Your Score History
You have not taken this quiz